Economía hoy : la globalización y la nueva relación sociedad-naturaleza /
Guardado en:
| Autor Principal: | |
|---|---|
| Formato: | Libro |
| Publicado: |
Buenos Aires :
Kapelusz,
1998
|
| Series: | Biblioteca del Polimodal
|
| Materias: | |
| Etiquetas: |
Agregar Etiqueta
Sin Etiquetas, Sea el primero en etiquetar este registro!
|
| LEADER | 01821nam a22002775a 4500 | ||
|---|---|---|---|
| 001 | CEM.cems009927 | ||
| 005 | 20080625130720.0 | ||
| 008 | 130507s1998##################000#0#####d | ||
| 003 | CEMS | ||
| 020 | |a 9501324109 | ||
| 082 | 0 | 4 | |a 330.9 |
| 100 | 1 | |a Tobío, Omar | |
| 245 | 1 | 0 | |a Economía hoy : |b la globalización y la nueva relación sociedad-naturaleza / |c Omar Tobío |
| 260 | |a Buenos Aires : |b Kapelusz, |c 1998 | ||
| 300 | |a 204 p. | ||
| 490 | 0 | |a Biblioteca del Polimodal | |
| 500 | |a Para nivel polimodal | ||
| 505 | 0 | |a Dinámica económica del mundo de hoy y sus consecuencias geográficas: cómo empezar a estudiarlas -- Proceso productivo, factores de la producción y relación entre la sociedad y la naturaleza en el capitalismo -- Mercado o trinchera? Proceso histórico de formación de los mercados cada vez más agresivos -- Tras la búsqueda del equilibrio macroeconómico: la difícil relación entre mercado y Estado en el Siglo XX -- Los socialismos chino y soviético y los sistemas económicos centralizados -- El juego de la ruleta rusa financiera mundial. Crisis y reestructuración capitalista a partir de los años 70 -- Problemáticas económicas de hoy: una geografía de la globalización -- La nueva relación sociedad-naturaleza en el marco de la globalización. Una geografía de los problemas ambientales -- Globalización y desarrollo sustentable. Una geografía de la sustentabilidad política, humana y ecológica | |
| 653 | |a Geografía | ||
| 653 | |a Geografía económica | ||
| 653 | |a Globalización | ||
| 653 | |a Problemas ambientales | ||
| 653 | |a Geografía-polimodal | ||
| 859 | |a CEMS |b BIB. CEMS - 11 de abril |h 330.9 |i T552 |p 20244.99 |t Ej.1 | ||
| 859 | |a CEMS |b BIB. CEMS - 11 de abril |h 330.9 |i T552 |p 20259.99 |t Ej.2 | ||
| 859 | |a CEMS |b BIB. CEMS - 11 de abril |h 330.9 |i T552 |p 20270.99 |t Ej.3 | ||
